Mammal species of the world : a taxonomic and geographic reference

Αποθηκεύτηκε σε:
Λεπτομέρειες βιβλιογραφικής εγγραφής
Άλλοι συγγραφείς: Wilson, Don E. (Επιμελητής έκδοσης), Reeder, DeeAnn M. (Επιμελητής έκδοσης)
Μορφή: Βιβλίο
Γλώσσα:English
Δημοσίευση: Washington : Smithsonian Institution Press, c1993
Έκδοση:2nd ed.
Θέματα:
Ετικέτες: Προσθήκη ετικέτας
Δεν υπάρχουν, Καταχωρήστε ετικέτα πρώτοι!

MARC

LEADER 00000nam a2200000 i 4500
001 1/18156
008 981015s1993 eng d
020 |a 1-56098-217-9 
035 |l 10020815 
040 |a GR-MY-UA  |b    |e aacr 
041 0 |a eng 
082 0 |a 599.0012 
245 1 0 |a Mammal species of the world :  |b a taxonomic and geographic reference /  |c edited by Don E. Wilson and DeeAnn M. Reeder 
250 |a 2nd ed. 
260 |a Washington :   |b Smithsonian Institution Press,   |c c1993 
300 |a xviii, 1207 σ.;  |c 26 εκ. 
504 |a Περιέχει βιβλιγραφικές παραπομπές (σ. 843-999) και ευρετήριο 
650 0 0 |a Mammals  |x Classification. 
650 0 0 |a Mammals  |x Geographical didtribution. 
700 1 |a Wilson, Don E.  |4 edt 
700 0 |a Reeder, DeeAnn M.  |4 edt 
852 |a INST  |b LESVOS  |e 19981015  |h 599.0012 MAM  |p 005100012884  |q 005100012884  |t REF  |y 23 
901 |a BIBL-1998-3 
909 |a Λ  |b 059546 
922 |a 1ΕΛΗ  |b 199809  |c ΚΠΣ/ΤΠ  |d ΠΑΠΑΣΩΤΗΡΙΟΥ 
950 |a 107-1998-07-08